000 01477nam a2200325 a 4500
001 zpgpl0 b1496203
003 OSt
005 20250902062114.0
008 130419s2012 nyub 000 f eng d
010 _a 2011050244
020 _a9781451681734
_qhardback
020 _a1451681739
_qhardback
020 _a9781451681758
_qtrade paper
020 _a1451681755
_qtrade paper
040 _aCGL
_beng
_cCGL
043 _au-at---
050 0 0 _aPR9619.4.S735
_bL54 2012
082 0 0 _a823/.92
_223
100 1 _aStedman, M. L.
245 1 4 _aThe light between oceans
_h[kit] :
_ba novel /
_cM. L. Stedman.
260 _aNew York :
_bScribner,
_c2012.
300 _a345 p. :
_bmap ;
_c24 cm. +
_e1 notebook ((unpaged) ; 28 cm.) in canvas bag.
500 _aEach Book Group Kit, contained in a canvas bag, includes 12 copies of the book and one copy of a notebook containing book reviews, discussion questions, author information, a bibliography of the titles in the Book Group Kit collection, bibliographies of books and websites on book groups and enhancements (articles, maps or pictures) to help understand the book.
520 _a"A novel set on a remote Australian island, where a childless couple live quietly running a lighthouse, until a boat carrying a baby washes ashore"--
_cProvided by publisher.
650 0 _aMarried people
_vFiction.
650 0 _aFoundlings
_vFiction.
651 0 _aAustralia
_vFiction.
655 7 _aDomestic fiction
_2lcsh.
942 _cBK
999 _c31103
_d31101